000 01441nam0a22002891 4500
001 rc\3147397
005 20240315141050.0
021 _aRU
_b[75-62465]
035 _a(NLR Aleph) 007320694
090 _a5906631
_c5906631
100 _a20120615d1975 |||a0rusy50 ca
101 0 _arus
102 _aRU
105 _ay c |||||
200 1 _aНаглядная агитация и формы морального поощрения [на предприятиях и в организациях Миннефтехимпрома СССР]
_eУказ. рек. литературы
_fЦентр. по науч. организации труда и управления производством "ЦНОТнефтехим". [ЦНИИТЭ нефтехим]
210 _aМосква
_c[ЦНИИТЭнефтехим]
_d1975
215 _a9 с.
_d20
300 _aНа обороте тит. л. сост.: А.И. Рахов
606 _aНефтехимические заводы
_xСтимулирование труда
_jУказатели литературы
_2psbo
702 1 _aРахов
_bА. И.
_4220
710 0 1 _aСССР
_bМинистерство нефтеперерабатывающей и нефтехимической промышленности
_3RU\NLR\AUTH\8810062509
801 0 _aRU
_bNLR
_gpsbo
801 1 _aRU
_bELAR
_2rusmarc
852 _aNLR
_jс769Нефт-660/С-76
942 _cBOOK
980 _aNB